Héros professionnels connus dans My Hero Academia - Statistiques

Statistiques générales
  • Ce quiz a été pris 22 fois
  • Le résultat moyen est 18 sur 69
Statistiques - réponses
Héros professionnels connus % Correct
Endeavor
100%
All Might
94%
Hawks
88%
Dieu Sylvestre
76%
Best Jeanist
71%
Midnight
71%
Mount Lady
71%
Eraser Head
65%
Present Mic
65%
Sir Nighteye
59%
Cementos
53%
Gran Torino
53%
Edgeshot
47%
Nezu
47%
Wash
47%
Gang Orca
41%
Numéro 13
41%
Ryukyu
41%
Ectoplasm
35%
Fat Gum
35%
Manual
35%
Nana Shimura
35%
Bubble Girl
29%
Lock Lock
29%
Snipe
29%
Power Loader
24%
Vlad King
24%
Burnin
18%
Centipede
18%
Crust
18%
Fourth Kind
18%
Gun Head
18%
Hound Dog
18%
Ingenium
18%
Miruko
18%
Ms Joke
18%
Selkie
18%
Backdraft
12%
Lunch Rush
12%
Majestic
12%
Mandalay
12%
Mr.Brave
12%
Pixie-Bob
12%
Sirius
12%
Star and Stripe
12%
Tora
12%
Briarée
6%
Death Arms
6%
En Tayutai
6%
Gygès
6%
Hikage Shinomori
6%
Lariat
6%
Mick
6%
Onima
6%
Ragdoll
6%
Shishido
6%
Slugger
6%
Snatch
6%
Takeshita
6%
Toitoi
6%
Trajectoire
6%
Uwabami
6%
Yoroi Musha
6%
Air-Jet
0%
Chevaux Aqueux
0%
Kesagiriman
0%
Redskin
0%
Sliding Go
0%
X-Less
0%
Aucun quiz correspondant
Distribution des résultats
% des personnes avec chaque résultat
Percentile par nombre de réponses
Votre historique - résultats
Vous n’avez pas pris ce quiz